000 00637nam a2200241Ia 4500
003 OSt
005 20221007100442.0
006 a|||||r|||| 00| 0
007 ta
008 221006b |||||||| |||| 00| 0 eng d
024 _a4,423
037 _cTextual
040 _aLCO
_cLCO
_beng
041 _2eng
_aeng
082 _aX:97D, L9
100 _aMACBEATH Innis
_9701705
245 0 _aVotes, virtues and vices.
260 _aLondon
_bAssociated Business press
_c1979
300 _a197
650 _aVOTES, VIRTUES AND VICES.
_9701706
942 _hX:97D, L9
_cTEXL
999 _c1173986
_d1173986